Crisis del reinado de Alfonso XIII (Record no. 33220)

MARC details
000 -LEADER
campo de control de longitud fija 00629nam a2200181 i 4500
001 - NÚMERO DE CONTROL
campo de control 33220
003 - IDENTIFICADOR DE NÚMERO DE CONTROL
campo de control ES-MaACL
005 - FECHA Y HORA DE LA ÚLTIMA TRANSACCIÓN
campo de control 20230906154723.0
007 - CAMPO FIJO DE DESCRIPCIÓN FÍSICA--INFORMACIÓN GENERAL
campo de control de longitud fija t|
008 - DATOS DE LONGITUD FIJA--INFORMACIÓN GENERAL
campo de control de longitud fija 030201s1946 sp ||||1| spa d
100 1# - ENTRADA PRINCIPAL--NOMBRE DE PERSONA
Nombre de persona Berenguer, Dámaso.
9 (RLIN) 162709
245 10 - MENCIÓN DEL TÍTULO
Título Crisis del reinado de Alfonso XIII
Resto del título : de la dictadura a la República /
Mención de responsabilidad, etc. por Dámaso Berenguer.
260 ## - PUBLICACIÓN, DISTRIBUCIÓN, ETC.
Lugar de publicación, distribución, etc. Madrid :
Nombre del editor, distribuidor, etc. Plus Ultra,
Fecha de publicación, distribución, etc. [s.a.] (
Fabricante Aldus,
Fecha de fabricación/manufactura 1946)
300 ## - DESCRIPCIÓN FÍSICA
Extensión 417 p. :
Otras características físicas il. ;
Dimensiones 21 cm.
651 #4 - PUNTO DE ACCESO ADICIONAL DE MATERIA--NOMBRE GEOGRÁFICO
Nombre geográfico España-
Subdivisión general Historia-
Subdivisión cronológica 1923-1930, Dictadura.
9 (RLIN) 8281
651 #4 - PUNTO DE ACCESO ADICIONAL DE MATERIA--NOMBRE GEOGRÁFICO
Nombre geográfico España-
Subdivisión general Historia-
Subdivisión cronológica 1931, Revolución.
9 (RLIN) 159714
852 ## - LOCALIZACIÓN
Ubicación ES-MaACL
Número de control de estantería C-3949
Sublocalización o colección R.23616
Holdings
Estatus retirado Estado de pérdida Estado de daño No para préstamo Biblioteca de origen Biblioteca actual Ubicación en estantería Fecha de adquisición Fuente de adquisición Total de préstamos Signatura topográfica completa Código de barras Visto por última vez Precio de reemplazo Tipo de ítem Koha
        Biblioteca del Ateneo de Madrid Biblioteca del Ateneo de Madrid Sala Palomar 17/01/2008     C-3949 1034537 23/02/2023 23/02/2023 Libro impreso